| 000 | 01179cam a22003377a 4500 | ||
|---|---|---|---|
| 001 | 757 | ||
| 005 | 20230706093241.0 | ||
| 008 | 100623r20091998nyuab j 001 0 eng | ||
| 020 | _a0756656079 (pbk.) | ||
| 020 | _a9780756656072 (pbk.) | ||
| 040 |
_aB2A _beng _cB2A _dJQD _dQBX _dOCLCQ _dDLC |
||
| 050 | 0 | 0 |
_aQL638.93 _bD825 2008 |
| 082 | 0 | 0 |
_a597.3 _222 |
| 100 | 1 | _aDubowski, Cathy East. | |
| 245 | 1 | 0 |
_aShark attack! / _cwritten by Cathy East Dubowski. |
| 260 |
_aNew York : _bDorling Kindersley, _c2009, 1998. |
||
| 300 |
_a48 pages. : _bcollor. illustrations., maps ; _c23 cm. |
||
| 490 | 1 | _aDK readers. 3 | |
| 500 | _aOriginally published: 1998. | ||
| 500 | _aIncludes index. | ||
| 505 | _aU | ||
| 520 | _aDescribes the nearly disastrous encounter of a spear-fisherman with a shark off the coast of Australia, and describes the physical features, diet, and behavior of sharks. | ||
| 521 |
_a820L _bLexile |
||
| 521 |
_aU _bRaz-Plus |
||
| 650 | 0 |
_aShark attacks _vNon-fiction. |
|
| 650 | 0 |
_aSharks _xBehavior _vNon-fiction. |
|
| 650 | 0 |
_aReaders _xSharks. |
|
| 655 | 0 | _aReaders (Elementary) | |
| 906 |
_a7 _bcbc _ccopycat _d2 _encip _f20 _gy-gencatlg |
||
| 942 |
_2ddc _cBK _n0 |
||
| 999 |
_c757 _d757 |
||